Statistics for French 1-10 in 15 seconds

Click here to take the quiz!

General Stats

  • This quiz has been taken 1,593 times
  • The average score is 8 of 10

Answer Stats

HintAnswer% Correct
1Un
100%
2Deux
94%
3Trois
91%
4Quatre
81%
5Cinq
80%
6Six
74%
7Sept
70%
8Huit
63%
9Neuf
56%
10Dix
52%

Score Distribution

Percentile by Number Answered

Percent of People with Each Score

Your Score History

You have not taken this quiz